000 00524nam a22001817a 4500
999 _c524551
_d524551
003 NUST
005 20190622131056.0
020 _q(Hbk)
038 _aM. Shaban
082 _a297.63
_bGUL
100 _aGulzar, Gul Muhammad Khan
_915357
245 _aGulzar e Muhammadi /
_cGul Muhammad Khan Gulzar
260 _aSargodha -:
_bInternational printing Agency,
_c2008.
300 _a599 p. ;
880 _6100-01\r
_aگل محمد خان گلزار
880 _6245-02\r
_aگلزارِ مُحمدیﷺ /
942 _2ddc
_cBK